| 000 | 00860cam a2200277 a 4500 | ||
|---|---|---|---|
| 001 | 92444 | ||
| 003 | GBCCL | ||
| 005 | 20241126110418.0 | ||
| 008 | 990921s1999 cau b 000 0 eng | ||
| 010 | _a 99049021 | ||
| 020 | _a0830725156 (trade paper) | ||
| 035 | _a(OCoLC)ocm42475923 | ||
| 040 |
_aDLC _cDLC |
||
| 049 | _aLBBK | ||
| 050 | 0 | 0 |
_aBV601.6.G73 _bC36 1999 |
| 082 | 0 | 0 |
_a262 _221 _bCAN |
| 090 |
_aBV601.6.G73 _bC36 1999 |
||
| 100 | 1 |
_aCannistraci, David. _94365 |
|
| 245 | 1 | 0 |
_aGod's vision for your church : _bfinding & fulfilling God's unique purpose for your church / _cDavid Cannistraci ; foreword by John Dawson. |
| 260 |
_aVentura, Calif. : _bRegal Books, _cc1999. |
||
| 300 |
_a277 p. ; _c22 cm. |
||
| 504 | _aIncludes bibliographical references. | ||
| 650 | 0 |
_aChurch. _9263 |
|
| 650 | 0 |
_aGrace (Theology) _92990 |
|
| 942 |
_2ddc _cBK _05 |
||
| 999 |
_c2120 _d2120 |
||